Norwich Cityn joukkue 2018–19 Championship kausi - Statistics

Yleistilastot
  • Tätä visaa on pelattu 8 kertaa
  • Keskiarvotulos 5 / 25
Vastaustilastot
Vastaus % Oikein
Teemu Pukki
100%
Tim Krul
71%
Todd Cantwell
71%
Emiliano Buendía
57%
Ben Godfrey
43%
Jamal Lewis
43%
Grant Hanley
29%
Christoph Zimmermann
14%
Daniel Farke
14%
Kenny McLean
14%
Max Aarons
14%
Onel Hernández
14%
Alexander Tettey
0%
Ben Marshall
0%
Dennis Srbeny
0%
Felix Passlack
0%
Ivo Pinto
0%
James Husband
0%
Jordan Rhodes
0%
Louis Thompson
0%
Marco Stiepermann
0%
Mario Vrančić
0%
Moritz Leitner
0%
Timm Klose
0%
Tom Trybull
0%
Ehtoja vastaavia visoja ei löytynyt
Tulosjakauma
Jokaisen tuloksen saaneiden osuus
Persentiili vastausten määrän mukaan
Tuloshistoriasi
Et ole pelannut tätä visaa